Spelling : (Record no. 2307)

000 -LEADER
fixed length control field nam a22 a 4500
003 - CONTROL NUMBER IDENTIFIER
control field AKMAL
005 - DATE AND TIME OF LATEST TRANSACTION
control field 20170516092324.0
008 - FIXED-LENGTH DATA ELEMENTS--GENERAL INFORMATION
fixed length control field 170516s1984 ilu 00 eng d
020 ## - INTERNATIONAL STANDARD BOOK NUMBER
International Standard Book Number 067320314X (pbk.)
040 ## - CATALOGING SOURCE
Original cataloging agency AKMAL
082 04 - DEWEY DECIMAL CLASSIFICATION NUMBER
Classification number 421.54 BEE
Edition number 21
090 00 - LOCALLY ASSIGNED LC-TYPE CALL NUMBER (OCLC); LOCAL CALL NUMBER (RLIN)
Classification number (OCLC) (R) ; Classification number, CALL (RLIN) (NR) 421.54
Local cutter number (OCLC) ; Book number/undivided call number, CALL (RLIN) BEE
245 00 - TITLE STATEMENT
Title Spelling :
Remainder of title words and skills /
Statement of responsibility, etc. Linda Ward Beech ... [et al.]
260 ## - PUBLICATION, DISTRIBUTION, ETC.
Place of publication, distribution, etc. Glenview, Illinois :
Name of publisher, distributor, etc. Scott Foresman and Co.,
Date of publication, distribution, etc. 1984
300 00 - PHYSICAL DESCRIPTION
Extent 192p. :
Other physical details ill. (some col.) ;
Dimensions 27cm
490 ## - SERIES STATEMENT
Volume/sequential designation v. 4
599 ## - LOCAL NOTE
Local Note DALAM PROSES
650 #0 - SUBJECT ADDED ENTRY--TOPICAL TERM
Topical term or geographic name entry element English language
General subdivision Spelling
-- Problems, exercises, etc.
9 (RLIN) 4785
650 #0 - SUBJECT ADDED ENTRY--TOPICAL TERM
Topical term or geographic name entry element English language
General subdivision Spelling
-- Study and teaching
9 (RLIN) 4786
700 1# - ADDED ENTRY--PERSONAL NAME
Personal name Beech, Linda Ward
9 (RLIN) 4787
942 ## - ADDED ENTRY ELEMENTS (KOHA)
Source of classification or shelving scheme
Koha item type Book
Holdings
Withdrawn status Lost status Source of classification or shelving scheme Damaged status Not for loan Collection code Home library Current library Shelving location Date acquired Inventory number Total Checkouts Full call number Barcode Date last seen Price effective from Koha item type
          NON-FICTION AKMAL Melaka AKMAL Melaka PINJAMAN 16.05.2017 400153   421.54 BEE 201706673 16.05.2017 16.05.2017 Book
          NON-FICTION AKMAL Melaka AKMAL Melaka PINJAMAN 16.05.2017 400146   421.54 BEE 201706671 16.05.2017 16.05.2017 Book
Pusat Sumber Maklumat Dato' Haji Sarmin Md Hussin, Akademi Kastam Diraja Malaysia, Melaka
Tel: 06-2331106 | Faks: 06-2313787